| 000 | 00765cam a2200205 a 4500 | ||
|---|---|---|---|
| 020 | _a0226386686 (cloth : alk. paper) | ||
| 040 | _cDLC | ||
| 082 | 0 | 0 | _a382 UNI 1993 A019 Or. |
| 245 | 1 | 0 | _aTrade and protectionism / |
| 260 |
_aChicago : _bUniversity of Chicago Press, _c1993. |
||
| 300 |
_aix, 449 p. : _bill. ; _c24 cm. |
||
| 490 | 1 | _aNBER-East Asia Seminar on Economics ; | |
| 500 | _a"Papers presented at the Second Annual East Asian Seminar on Economics ... held in Taipei, Taiwan, 19-21 June 1991"--Introd. | ||
| 650 | 0 | _aProtectionism | |
| 700 | 1 | _aItō, Takatoshi, | |
| 700 | 1 | _aKrueger, Anne O. | |
| 856 | 4 | 2 | _uhttp://www.loc.gov/catdir/description/uchi052/92039852.html |
| 856 | 4 | 1 | _uhttp://www.loc.gov/catdir/toc/uchi051/92039852.html |
| 942 | _cEK | ||
| 999 |
_c12286 _d12286 |
||